[Event "Andorra open"]
[Site "Escaldes"]
[Date "2023.07.22"]
[Round "1.1"]
[White "Dan, Teodor"]
[Black "Christiansen, Johan-Sebastian"]
[Result "0-1"]
[WhiteElo "1994"]
[BlackElo "2603"]
[PlyCount "60"]
[EventDate "2023.07.22"]
[EventCountry "AND"]

1. d4 Nf6 2. c4 e6 3. Nc3 Bb4 4. Qc2 b6 5. a3 Bxc3+ 6. Qxc3 Bb7 7. Nf3 O-O 8.
Bg5 d6 9. Nd2 h6 10. Bh4 Nbd7 11. f3 c5 12. dxc5 bxc5 13. e3 a5 14. Be2 Ra6 15.
O-O Ne4 16. Bxd8 Nxc3 17. bxc3 Rxd8 18. Rab1 Bc6 19. Kf2 Kf8 20. e4 Ke7 21. Bd3
Raa8 22. Bc2 Rdb8 23. Ke3 Nb6 24. Rb2 Nd5+ 25. cxd5 Rxb2 26. dxc6 Rxc2 27. Kd3
Rb2 28. Nc4 Rbb8 29. e5 d5 30. Nd6 Ra7 0-1

[Event "Andorra open"]
[Site "Escaldes"]
[Date "2023.07.22"]
[Round "1.2"]
[White "Galperin, Platon"]
[Black "Lorca Cortada, David"]
[Result "1-0"]
[WhiteElo "2566"]
[BlackElo "1973"]
[PlyCount "57"]
[EventDate "2023.07.22"]
[EventCountry "AND"]

1. e4 c5 2. Nf3 Nc6 3. Bb5 g6 4. c3 Bg7 5. d4 Qb6 6. a4 cxd4 7. O-O a6 8. Bxc6
dxc6 9. a5 Qc7 10. cxd4 Nf6 11. Nc3 O-O 12. h3 b6 13. e5 Nd5 14. Ne4 Rd8 15.
Bd2 b5 16. Qc1 f6 17. Bh6 Bf5 18. Nc5 g5 19. Bxg7 Kxg7 20. Nxg5 Qc8 21. Nf3 Kh8
22. Kh2 Nc7 23. Qh6 Bg6 24. Rae1 f5 25. e6 Rd6 26. Qh4 Qf8 27. Ne5 Qg7 28.
Nxg6+ Qxg6 29. Qxe7 1-0

[Event "Andorra open"]
[Site "Escaldes"]
[Date "2023.07.22"]
[Round "1.3"]
[White "Evenshaug, Amadeus Hestvik"]
[Black "Rasmussen, Allan Stig"]
[Result "0-1"]
[WhiteElo "1958"]
[BlackElo "2531"]
[PlyCount "60"]
[EventDate "2023.07.22"]
[EventCountry "AND"]

{[%evp 0,60,25,27,65,45,56,50,48,39,68,77,76,29,76,49,46,58,68,61,59,42,25,17,
8,8,13,-23,-29,-49,-52,-35,-13,-31,-16,-23,-19,-48,-29,-46,-41,-87,-76,-78,-65,
-89,-98,-139,-139,-157,-133,-215,-224,-227,-247,-289,-230,-272,-267,-449,-361,
-493,-490]} 1. e4 c5 2. Nf3 e6 3. d4 cxd4 4. Nxd4 a6 5. Nc3 Qc7 6. Be3 Nf6 7.
Bd3 b5 8. O-O b4 9. Nce2 Bb7 10. f3 Bc5 11. Bf2 d5 12. exd5 Nxd5 13. Be4 Nd7
14. Bxd5 Bxd5 15. c3 O-O 16. cxb4 Bxb4 17. Rc1 Qb7 18. a3 Be7 19. Qd2 Ne5 20.
b4 Rfd8 21. Rc3 Bf6 22. Qc2 Rac8 23. Rc1 Nc4 24. Qa4 g6 25. R3c2 e5 26. Nb3 Bc6
27. b5 Bxb5 28. Qb4 Be7 29. Na5 Nxa5 30. Qxa5 Bxe2 0-1

[Event "Andorra open"]
[Site "Escaldes"]
[Date "2023.07.22"]
[Round "1.4"]
[White "Cuartas, Jaime Alexander"]
[Black "Uriarte Prieto, Goio"]
[Result "1-0"]
[WhiteElo "2526"]
[BlackElo "1945"]
[PlyCount "51"]
[EventDate "2023.07.22"]
[EventCountry "AND"]

1. d4 Nf6 2. Nf3 e6 3. Bf4 b6 4. e3 Bb7 5. Be2 d6 6. h3 Nbd7 7. a4 a6 8. O-O g6
9. c4 Qe7 10. a5 Bg7 11. Nc3 O-O 12. Bh2 e5 13. Re1 Rfd8 14. Qb3 Rdb8 15. axb6
Bxf3 16. Bxf3 Rxb6 17. Qc2 Rab8 18. Reb1 exd4 19. exd4 c5 20. Na4 Rb4 21. Re1
Qf8 22. dxc5 Rxa4 23. Qxa4 Nxc5 24. Qc6 Rd8 25. Rad1 Ne8 26. Qxc5 1-0

[Event "Andorra open"]
[Site "Escaldes"]
[Date "2023.07.22"]
[Round "1.5"]
[White "Martin, Nils"]
[Black "Sumets, Andrey"]
[Result "0-1"]
[WhiteElo "1941"]
[BlackElo "2515"]
[PlyCount "72"]
[EventDate "2023.07.22"]
[EventCountry "AND"]

{[%evp 0,72,27,24,45,53,48,39,26,30,76,38,48,58,30,37,43,50,52,43,57,69,71,46,
49,55,55,41,63,42,50,18,36,27,30,29,21,22,57,46,61,52,58,44,60,16,27,12,41,16,
15,-17,-22,-19,17,-40,-8,-6,-30,-83,-90,-110,-127,-220,-269,-267,-271,-253,
-261,-261,-207,-474,-516,-524,-530]} 1. e4 c5 2. Nf3 e6 3. d4 cxd4 4. Nxd4 a6
5. c4 Nc6 6. Nc3 Qc7 7. Be2 Nf6 8. O-O Nxd4 9. Qxd4 Bc5 10. Qd3 b6 11. a3 Bb7
12. b4 Be7 13. Be3 O-O 14. Qd4 d6 15. f3 Nd7 16. Rad1 Rac8 17. Qd2 Rfd8 18. Rc1
Qb8 19. Rfd1 Ba8 20. f4 Nf6 21. Qd3 Rc7 22. Bf3 Rdc8 23. Ne2 e5 24. Rc3 Bc6 25.
g4 b5 26. Rdc1 Bd7 27. f5 h6 28. cxb5 Bxb5 29. Rxc7 Rxc7 30. Qb1 d5 31. Nc3
Rxc3 32. Rxc3 d4 33. Rb3 dxe3 34. Rxe3 Qb6 35. Qe1 Nxg4 36. Bxg4 Bg5 0-1

[Event "Andorra open"]
[Site "Escaldes"]
[Date "2023.07.22"]
[Round "1.6"]
[White "Almeida Quintana, Omar"]
[Black "Martinez Gamiz, Marc"]
[Result "1-0"]
[WhiteElo "2508"]
[BlackElo "1923"]
[PlyCount "65"]
[EventDate "2023.07.22"]
[EventCountry "AND"]

1. d4 Nf6 2. c4 g6 3. Nc3 d5 4. Bf4 Bg7 5. e3 c6 6. Rc1 O-O 7. Nf3 a6 8. h3 Re8
9. Be2 Nbd7 10. O-O h6 11. cxd5 cxd5 12. Nb5 Rf8 13. Nc7 Ra7 14. Qb3 b5 15.
Nxd5 Nxd5 16. Qxd5 e5 17. Nxe5 Nxe5 18. Qc5 Re7 19. Bxe5 Bxe5 20. dxe5 Rfe8 21.
f4 Bb7 22. Rfd1 Qa5 23. a3 Qa4 24. Qb4 Qxb4 25. axb4 f6 26. exf6 Rxe3 27. Rc7
Rb8 28. Bd3 Re6 29. Rg7+ Kf8 30. Rxg6 Rd6 31. Rxh6 Rbd8 32. Rh8+ Kf7 33. Rxd8
1-0

[Event "Andorra open"]
[Site "Escaldes"]
[Date "2023.07.22"]
[Round "1.7"]
[White "Amundsen, Ask"]
[Black "Miranda Mesa, Elier"]
[Result "0-1"]
[WhiteElo "1918"]
[BlackElo "2503"]
[PlyCount "66"]
[EventDate "2023.07.22"]
[EventCountry "AND"]

1. e4 c5 2. Nf3 Nc6 3. d4 cxd4 4. Nxd4 Qb6 5. Nb3 Nf6 6. Nc3 e6 7. Be3 Qc7 8.
a3 a6 9. f4 d6 10. Be2 b5 11. O-O Bb7 12. Qd3 Be7 13. Bf3 Rc8 14. Rac1 O-O 15.
Nd4 Na5 16. Nce2 Nc4 17. b3 Nxe3 18. Qxe3 Qb6 19. e5 Nd5 20. Bxd5 Bxd5 21. b4
Bc4 22. c3 dxe5 23. fxe5 Bxe2 24. Qxe2 Bg5 25. h4 Bxc1 26. Rxc1 Rfd8 27. Qe3
Rc4 28. h5 h6 29. Rf1 Qc7 30. Rf3 Rd5 31. Qf4 Rxc3 32. Nxe6 Rxf3 33. Nxc7 Rd1+
0-1

[Event "Andorra open"]
[Site "Escaldes"]
[Date "2023.07.22"]
[Round "1.8"]
[White "Arizmendi Martinez, Julen Luis"]
[Black "Picart, Laurent"]
[Result "1/2-1/2"]
[WhiteElo "2501"]
[BlackElo "1918"]
[PlyCount "50"]
[EventDate "2023.07.22"]
[EventCountry "AND"]

1. e4 c6 2. Nf3 d5 3. exd5 cxd5 4. Ne5 Nc6 5. d4 Nf6 6. Bb5 Bd7 7. Nxd7 Qxd7 8.
c3 a6 9. Bd3 e6 10. O-O Bd6 11. Qe2 Qc7 12. g3 O-O 13. f4 b5 14. a3 Na5 15. Nd2
Nc4 16. Nf3 Qb7 17. b3 Na5 18. Nd2 Rfc8 19. Bb2 Nc4 20. Bc1 Na5 21. Rf3 g6 22.
Bc2 Nc6 23. Bd3 Na5 24. Bc2 Nc6 25. Bd3 Na5 1/2-1/2

[Event "Andorra open"]
[Site "Escaldes"]
[Date "2023.07.22"]
[Round "1.9"]
[White "Burgalat, Eliot"]
[Black "Lubbe, Nikolas"]
[Result "0-1"]
[WhiteElo "1913"]
[BlackElo "2501"]
[PlyCount "48"]
[EventDate "2023.07.22"]
[EventCountry "AND"]

1. e4 c5 2. Nf3 Nc6 3. Bb5 e6 4. Bxc6 bxc6 5. d3 Ne7 6. O-O Ng6 7. b3 e5 8. c3
Be7 9. Re1 d6 10. Bb2 O-O 11. d4 f5 12. exf5 Bxf5 13. Nbd2 Nf4 14. Ne4 Bg4 15.
Re3 d5 16. Ned2 e4 17. Qe1 exf3 18. Rxe7 Nxg2 19. Qe5 Rf6 20. Ba3 Nf4 21. Bxc5
Bh3 22. Nxf3 Qc8 23. Nh4 Qg4+ 24. Kh1 Bg2+ 0-1

[Event "Andorra open"]
[Site "Escaldes"]
[Date "2023.07.22"]
[Round "1.10"]
[White "Roshka, Yevgeniy"]
[Black "Garraza Obaldia, Esteban"]
[Result "1-0"]
[WhiteElo "2496"]
[BlackElo "1912"]
[PlyCount "81"]
[EventDate "2023.07.22"]
[EventCountry "AND"]

1. d4 Nf6 2. c4 e6 3. Nf3 d5 4. g3 Bb4+ 5. Bd2 Bd6 6. Nc3 O-O 7. Qc2 c6 8. e4
Nxe4 9. Nxe4 dxe4 10. Qxe4 Nd7 11. Bd3 Nf6 12. Qh4 g6 13. O-O Be7 14. Bg5 Re8
15. Rfe1 Nh5 16. Bxe7 Qxe7 17. Qe4 Qc7 18. Qe5 Qxe5 19. dxe5 c5 20. Rad1 b6 21.
Be4 Rb8 22. Rd6 Ng7 23. g4 h5 24. h3 hxg4 25. hxg4 Ba6 26. b3 Re7 27. Red1 Bb7
28. Rd8+ Re8 29. Rxb8 Rxb8 30. Bxb7 Rxb7 31. Rd8+ Kh7 32. Ng5+ Kh6 33. f4 Nf5
34. gxf5 gxf5 35. Kf2 b5 36. cxb5 Rxb5 37. Nxf7+ Kg6 38. Nd6 Rb4 39. Nc4 a5 40.
Ra8 a4 41. Rxa4 1-0

[Event "Andorra open"]
[Site "Escaldes"]
[Date "2023.07.22"]
[Round "1.11"]
[White "Najar Arrieta, Oriol"]
[Black "Kogan, Arthur"]
[Result "1/2-1/2"]
[WhiteElo "1897"]
[BlackElo "2482"]
[PlyCount "96"]
[EventDate "2023.07.22"]
[EventCountry "AND"]

1. e4 c5 2. Nf3 a6 3. c4 Nc6 4. d4 cxd4 5. Nxd4 e5 6. Nc2 Bc5 7. Be2 Qh4 8. O-O
Nf6 9. Bf3 d6 10. g3 Qh3 11. Bg2 Qe6 12. Qd3 b5 13. cxb5 axb5 14. b4 Ba7 15.
Nc3 Qc4 16. Qxc4 bxc4 17. Nb5 Ke7 18. Rd1 Bb8 19. Bg5 Bg4 20. Rdb1 Rc8 21. Ne3
Be6 22. Nc3 Kf8 23. Bxf6 gxf6 24. Ncd5 Bxd5 25. Nxd5 Ra3 26. Nb6 Ne7 27. Nxc8
Nxc8 28. Rc1 Nb6 29. Bf1 c3 30. Rc2 d5 31. exd5 Nxd5 32. Rac1 Ba7 33. Bc4 Nxb4
34. Rxc3 Ra5 35. a3 Nc6 36. Bxf7 Kxf7 37. Rxc6 Rxa3 38. Kg2 Bd4 39. R1c2 h5 40.
Rc7+ Kg6 41. h4 Rb3 42. Rc8 Ra3 43. Rd8 Ra6 44. Rdc8 Ra4 45. R8c6 Kf5 46. Rd6
e4 47. Rdc6 Ra3 48. R6c4 Rd3 1/2-1/2

[Event "Andorra open"]
[Site "Escaldes"]
[Date "2023.07.22"]
[Round "1.12"]
[White "Shyaamnikhil, P.."]
[Black "Hestvik, Elias"]
[Result "1-0"]
[WhiteElo "2473"]
[BlackElo "1893"]
[PlyCount "63"]
[EventDate "2023.07.22"]
[EventCountry "AND"]

1. e4 c5 2. Nc3 Nc6 3. Bb5 g6 4. Bxc6 bxc6 5. d3 Bg7 6. Nge2 Nf6 7. O-O O-O 8.
Be3 d6 9. Qc1 Rb8 10. b3 Ng4 11. Bd2 f5 12. f3 Ne5 13. Bh6 Bxh6 14. Qxh6 Nf7
15. Qd2 e5 16. exf5 Bxf5 17. f4 exf4 18. Rxf4 Ng5 19. Raf1 Ne6 20. R4f2 Qg5 21.
Qxg5 Nxg5 22. Ng3 Bd7 23. Nce4 Rxf2 24. Rxf2 Nxe4 25. Nxe4 Kg7 26. Nxd6 Rf8 27.
Rxf8 Kxf8 28. Kf2 Kg7 29. c4 Kf6 30. Ne4+ Ke5 31. Nxc5 Bf5 32. Ke3 1-0

[Event "Andorra open"]
[Site "Escaldes"]
[Date "2023.07.22"]
[Round "1.13"]
[White "Catala Ulied, Bernat"]
[Black "Zoler, Dan"]
[Result "0-1"]
[WhiteElo "1889"]
[BlackElo "2461"]
[PlyCount "84"]
[EventDate "2023.07.22"]
[EventCountry "AND"]

1. c4 Nf6 2. g3 e6 3. Bg2 d5 4. cxd5 exd5 5. Nf3 Bd6 6. O-O O-O 7. d4 Re8 8. a3
a5 9. Nc3 c6 10. Qc2 h6 11. e3 Nbd7 12. Bd2 b5 13. Na2 Bb7 14. b4 Ne4 15. Rfb1
Nb6 16. Nc1 Nc4 17. Be1 axb4 18. Bxb4 Bxb4 19. axb4 Na3 20. Rxa3 Rxa3 21. Ne5
Qa8 22. Bxe4 dxe4 23. Nd7 Bc8 24. Nb6 Qb7 25. Nxc8 Qxc8 26. Nb3 Qe6 27. Na5 Rc8
28. Rc1 Ra2 29. Qb1 Ra4 30. Rc5 Ra8 31. Kg2 Ra6 32. Re5 Qg6 33. h4 Ra8 34. h5
Qg4 35. Rxe4 Qxh5 36. Re5 Qg4 37. Nxc6 Ra1 38. Qe4 Qd1 39. Re8+ Rxe8 40. Qxe8+
Kh7 41. Qe4+ g6 42. Kh3 Qh5+ 0-1

[Event "Andorra open"]
[Site "Escaldes"]
[Date "2023.07.22"]
[Round "1.14"]
[White "Lopez Martinez, Josep Manuel"]
[Black "Garmendia Zubeldia, Daniel"]
[Result "1-0"]
[WhiteElo "2458"]
[BlackElo "1871"]
[PlyCount "69"]
[EventDate "2023.07.22"]
[EventCountry "AND"]

1. d4 Nf6 2. c4 e6 3. Nf3 Bb4+ 4. Bd2 Qe7 5. a3 Bxd2+ 6. Qxd2 O-O 7. Nc3 d6 8.
e4 e5 9. d5 a5 10. b3 Nbd7 11. Bd3 Nh5 12. Bc2 Nc5 13. g3 f5 14. Nh4 fxe4 15.
Nxe4 Nxe4 16. Bxe4 Bh3 17. f3 Nf6 18. Bf5 Bxf5 19. Nxf5 Qd7 20. Ne3 Qh3 21. Ng2
e4 22. O-O exf3 23. Rxf3 Ne4 24. Qe3 Qg4 25. Rf4 Rxf4 26. Nxf4 Ng5 27. Kg2 Rf8
28. Re1 Nf7 29. Qe6 Qxe6 30. dxe6 Ne5 31. Nd5 Re8 32. Nxc7 Re7 33. c5 Rxc7 34.
cxd6 Rc2+ 35. Kh3 1-0

[Event "Andorra open"]
[Site "Escaldes"]
[Date "2023.07.22"]
[Round "1.15"]
[White "Oumaziz, Paul"]
[Black "Ayats Llobera, Gerard"]
[Result "0-1"]
[WhiteElo "1868"]
[BlackElo "2452"]
[PlyCount "66"]
[EventDate "2023.07.22"]
[EventCountry "AND"]

1. d4 Nf6 2. c4 d6 3. Nf3 Bg4 4. Nc3 Nbd7 5. e3 e5 6. Be2 Be7 7. b3 O-O 8. h3
Bh5 9. Nh4 Bxe2 10. Qxe2 d5 11. Nf5 Bb4 12. Bd2 exd4 13. exd4 Re8 14. Ne3 c5
15. Nb5 Bxd2+ 16. Qxd2 Ne4 17. Qb2 a6 18. O-O axb5 19. cxb5 Qg5 20. a4 Nxf2 21.
Qxf2 Qxe3 22. Qxe3 Rxe3 23. Rf5 Nf6 24. dxc5 Rxb3 25. Rff1 Rb4 26. c6 bxc6 27.
bxc6 Rbxa4 28. Rxa4 Rxa4 29. Rb1 Ra8 30. c7 Nd7 31. Rb5 Rc8 32. Rxd5 Rxc7 33.
Kf2 g6 0-1

[Event "Andorra open"]
[Site "Escaldes"]
[Date "2023.07.22"]
[Round "1.16"]
[White "Defromont, Benjamin"]
[Black "Picatoste Verdejo, Sergio"]
[Result "1-0"]
[WhiteElo "2445"]
[BlackElo "1857"]
[PlyCount "77"]
[EventDate "2023.07.22"]
[EventCountry "AND"]

1. e4 c5 2. Nf3 d6 3. Bb5+ Bd7 4. Bxd7+ Qxd7 5. O-O Nc6 6. c3 Nf6 7. d4 e5 8.
d5 Nb8 9. Qe2 Be7 10. a4 O-O 11. Nbd2 Qc7 12. a5 Nbd7 13. a6 Rfb8 14. axb7 Rxb7
15. Nc4 a5 16. Bd2 Rba7 17. Ra2 Ne8 18. Ne1 Bd8 19. f4 f6 20. Qh5 Be7 21. Rf3
g6 22. Qh3 Nf8 23. Nd3 Qd7 24. Qxd7 Nxd7 25. Rf1 Bd8 26. Rfa1 Bb6 27. Be3 Ra6
28. b4 cxb4 29. Nxb6 Nxb6 30. cxb4 Nc4 31. b5 Nxe3 32. bxa6 Rxa6 33. Rxa5 Rxa5
34. Rxa5 Ng4 35. Ra8 Kf8 36. Nc5 Nh6 37. Ne6+ Kf7 38. Ra7+ Kg8 39. Re7 1-0

[Event "Andorra open"]
[Site "Escaldes"]
[Date "2023.07.22"]
[Round "1.17"]
[White "De Lomas Busquets, Alba"]
[Black "Bilych, Olexiy"]
[Result "1/2-1/2"]
[WhiteElo "1850"]
[BlackElo "2437"]
[PlyCount "107"]
[EventDate "2023.07.22"]
[EventCountry "AND"]

1. d4 d5 2. Nf3 Nf6 3. e3 c5 4. dxc5 e6 5. b4 a5 6. c3 b6 7. a4 bxc5 8. b5 Nbd7
9. c4 Bb7 10. Bb2 Nb6 11. Nbd2 Bd6 12. Ne5 O-O 13. Be2 Qc7 14. f4 Nfd7 15. Ndf3
f6 16. Nxd7 Nxd7 17. O-O d4 18. exd4 Bxf4 19. Bc1 Bd6 20. d5 exd5 21. cxd5 Nb6
22. Bd3 c4 23. Bf5 Nxd5 24. Be6+ Kh8 25. Bxd5 Bc5+ 26. Kh1 Rad8 27. Qc2 Bxd5
28. Ba3 Bb4 29. Bxb4 axb4 30. a5 c3 31. b6 Qc5 32. Rfc1 b3 33. Qxc3 Qxc3 34.
Rxc3 b2 35. Rb1 Bb7 36. h3 Rd5 37. Rxb2 Rxa5 38. Rc7 Rb8 39. Rd2 h5 40. Nh4 Be4
41. Rdd7 Rxb6 42. Rxg7 Re6 43. Rge7 Rxe7 44. Rxe7 Bd3 45. Kh2 Kg8 46. Rd7 Be4
47. Re7 Ra4 48. Kg3 Kf8 49. Rc7 Rb4 50. Ra7 Rb3+ 51. Kf4 Rb4 52. Kg3 Rb3+ 53.
Kf4 Rb4 54. Kg3 1/2-1/2

[Event "Andorra open"]
[Site "Escaldes"]
[Date "2023.07.22"]
[Round "1.18"]
[White "Decuigniere, Tom"]
[Black "Terris Gallego, Rafael"]
[Result "1-0"]
[WhiteElo "2393"]
[BlackElo "1850"]
[PlyCount "77"]
[EventDate "2023.07.22"]
[EventCountry "AND"]

1. d4 b6 2. e4 Bb7 3. Nc3 e6 4. Nf3 Bb4 5. Bd3 Nf6 6. Qe2 d5 7. exd5 Nxd5 8.
Bd2 Nxc3 9. bxc3 Bd6 10. O-O Nd7 11. Ne5 Bxe5 12. dxe5 Nc5 13. Bb5+ c6 14. Bc4
b5 15. Be3 Na4 16. Qg4 Qe7 17. Qxg7 O-O-O 18. Bg5 Qf8 19. Qxf8 Rdxf8 20. Bd3
Nxc3 21. Bf6 Rhg8 22. Bxh7 Rg4 23. f3 Ra4 24. h4 c5 25. h5 Bd5 26. h6 Rxa2 27.
Rxa2 Bxa2 28. Be4 Bb1 29. h7 a5 30. Rf2 Nd5 31. Bg7 Re8 32. c4 Bxe4 33. fxe4
Nb4 34. Rxf7 bxc4 35. Rf8 Rxf8 36. Bxf8 c3 37. h8=Q Kd7 38. Bxc5 Kc6 39. Qc8+
1-0

[Event "Andorra open"]
[Site "Escaldes"]
[Date "2023.07.22"]
[Round "1.19"]
[White "Trenz, Finn"]
[Black "Arpan, Das (Jr)"]
[Result "0-1"]
[WhiteElo "1837"]
[BlackElo "2365"]
[PlyCount "46"]
[EventDate "2023.07.22"]
[EventCountry "AND"]

1. e4 c6 2. d4 d5 3. exd5 cxd5 4. Bd3 Nc6 5. c3 Nf6 6. Bf4 Bg4 7. Qb3 Qd7 8.
Nd2 e6 9. Ngf3 Bd6 10. Bxd6 Qxd6 11. O-O O-O 12. Rfe1 Bxf3 13. Nxf3 Qc7 14. Ne5
Nxe5 15. Rxe5 Ng4 16. Rh5 g6 17. Rh4 h5 18. Re1 Kg7 19. f3 Nf6 20. Re5 Rh8 21.
Qc2 Rh6 22. c4 dxc4 23. Rc5 cxd3 0-1

[Event "Andorra open"]
[Site "Escaldes"]
[Date "2023.07.22"]
[Round "1.20"]
[White "Vestby-Ellingsen, Mads"]
[Black "Ochoa Aldaz, Mikel"]
[Result "1-0"]
[WhiteElo "2358"]
[BlackElo "1823"]
[PlyCount "54"]
[EventDate "2023.07.22"]
[EventCountry "AND"]

1. e4 e5 2. Nc3 Nc6 3. Bc4 Nf6 4. d3 Bc5 5. f4 d6 6. f5 a6 7. a3 b5 8. Ba2 Bb7
9. Nf3 h6 10. Qe2 Nd4 11. Nxd4 Bxd4 12. Bd2 Qe7 13. O-O-O O-O-O 14. Kb1 d5 15.
Nxd5 Nxd5 16. Bxd5 Bxd5 17. exd5 Rxd5 18. Qe4 Qd8 19. c3 Bc5 20. c4 bxc4 21.
dxc4 Rd6 22. Qa8+ Kd7 23. Qf3 Qh4 24. Bc3 Bd4 25. Bxd4 Rxd4 26. Rxd4+ exd4 27.
Qd5+ Ke7 1-0

[Event "Andorra open"]
[Site "Escaldes"]
[Date "2023.07.23"]
[Round "2.1"]
[White "Christiansen, Johan-Sebastian"]
[Black "Thakur, Akash"]
[Result "1-0"]
[WhiteElo "2603"]
[BlackElo "2193"]
[PlyCount "51"]
[EventDate "2023.07.22"]
[EventCountry "AND"]

1. e4 e5 2. Nf3 Nc6 3. Bb5 a6 4. Ba4 Nf6 5. O-O Be7 6. Bxc6 dxc6 7. Nc3 O-O 8.
Nxe5 Nxe4 9. Nxe4 Qd4 10. Nxc6 bxc6 11. d3 Rb8 12. Rb1 c5 13. b3 c4 14. Bb2 Qd5
15. Qf3 Bb7 16. bxc4 Qc6 17. Qg3 f6 18. Rfe1 Rf7 19. Bc3 Rd8 20. Bb4 f5 21.
Bxe7 Rxe7 22. Qg5 Rde8 23. Qxf5 Ba8 24. f3 Kh8 25. h4 h6 26. Re2 1-0

[Event "Andorra open"]
[Site "Escaldes"]
[Date "2023.07.23"]
[Round "2.2"]
[White "Ribera Veganzones, Josep Maria"]
[Black "Galperin, Platon"]
[Result "0-1"]
[WhiteElo "2189"]
[BlackElo "2566"]
[PlyCount "66"]
[EventDate "2023.07.22"]
[EventCountry "AND"]

1. e4 c5 2. Nf3 Nc6 3. d4 cxd4 4. Nxd4 Nf6 5. Nc3 h5 6. Be2 g6 7. Be3 Bg7 8.
Qd2 Ng4 9. Bxg4 hxg4 10. Nd5 d6 11. O-O-O Bd7 12. Kb1 Rc8 13. Nb3 b5 14. f4
gxf3 15. gxf3 Ne5 16. Qe2 e6 17. Nc3 Nc4 18. Bd4 Bxd4 19. Rxd4 Qf6 20. Rhd1 Qe5
21. Qd3 Rxh2 22. Nd2 Nxd2+ 23. Rxd2 Rh1+ 24. Rd1 Rxd1+ 25. Qxd1 Ke7 26. Ne2 g5
27. Qd2 Rh8 28. a3 Rh2 29. Rd3 g4 30. f4 Qxe4 31. Rxd6 Bc6 32. f5 Qh1+ 33. Ka2
Bd5+ 0-1

[Event "Andorra open"]
[Site "Escaldes"]
[Date "2023.07.23"]
[Round "2.3"]
[White "Rasmussen, Allan Stig"]
[Black "Ferey, Antonin"]
[Result "1-0"]
[WhiteElo "2531"]
[BlackElo "2181"]
[PlyCount "113"]
[EventDate "2023.07.22"]
[EventCountry "AND"]

1. Nf3 g6 2. d4 Bg7 3. e4 d6 4. Be2 Nf6 5. Nc3 O-O 6. O-O Nc6 7. d5 Nb8 8. Be3
e6 9. dxe6 Bxe6 10. Nd4 Bd7 11. Qd2 Re8 12. f3 Nc6 13. Nb3 a6 14. a4 Be6 15.
Rad1 Qd7 16. Qc1 Rad8 17. Bg5 Qc8 18. Rfe1 Ne7 19. Qf4 Nd7 20. Nd4 Nf8 21. Qh4
Rd7 22. f4 c5 23. Nf3 f5 24. e5 dxe5 25. fxe5 Rxd1 26. Rxd1 Nc6 27. Nd5 Bxd5
28. Rxd5 Nd4 29. Bc4 Nfe6 30. Bf6 b5 31. axb5 axb5 32. Nxd4 bxc4 33. Nxe6 Qxe6
34. Rxc5 Bxf6 35. Qxf6 Qxf6 36. exf6 Rb8 37. Rxc4 Rxb2 38. Rc7 Rb6 39. f7+ Kf8
40. Kf2 Rf6 41. Ke3 Re6+ 42. Kf3 Re1 43. h3 Rf1+ 44. Ke3 Rg1 45. Kf2 Rc1 46. c4
Rc3 47. c5 g5 48. c6 g4 49. hxg4 fxg4 50. g3 h5 51. Ke2 Rc2+ 52. Kd3 Rc1 53.
Ke4 Rc4+ 54. Kd5 Rc1 55. Rb7 h4 56. c7 h3 57. Rb8+ 1-0

[Event "Andorra open"]
[Site "Escaldes"]
[Date "2023.07.23"]
[Round "2.4"]
[White "Serra Pages, Jordi"]
[Black "Cuartas, Jaime Alexander"]
[Result "0-1"]
[WhiteElo "2175"]
[BlackElo "2526"]
[PlyCount "76"]
[EventDate "2023.07.22"]
[EventCountry "AND"]

1. d4 Nf6 2. Nf3 c5 3. c4 cxd4 4. Nxd4 Nc6 5. Nc3 d6 6. g3 e5 7. Nc2 Be6 8. Ne3
Be7 9. Ned5 O-O 10. Bg2 h6 11. O-O Qd7 12. b3 Rfd8 13. Bb2 Bh3 14. Nxf6+ Bxf6
15. Nd5 Be7 16. e3 Bxg2 17. Kxg2 Bf8 18. Qf3 Rab8 19. Rac1 Rdc8 20. Rfd1 b5 21.
cxb5 Rxb5 22. e4 Qe6 23. Rc4 Rc5 24. Rxc5 dxc5 25. Qf5 Qxf5 26. exf5 f6 27. f4
e4 28. Nc3 e3 29. Re1 c4 30. Rxe3 cxb3 31. axb3 Nd4 32. Ne2 Nxf5 33. Rc3 Rd8
34. Bc1 Bb4 35. Rc4 a5 36. g4 Nh4+ 37. Kf2 f5 38. Rd4 Bc5 0-1

[Event "Andorra open"]
[Site "Escaldes"]
[Date "2023.07.23"]
[Round "2.5"]
[White "Sumets, Andrey"]
[Black "Morros Faura, Ricard"]
[Result "0-1"]
[WhiteElo "2515"]
[BlackElo "2172"]
[PlyCount "70"]
[EventDate "2023.07.22"]
[EventCountry "AND"]

1. d4 f5 2. g3 Nf6 3. Bg2 g6 4. Nh3 Bg7 5. O-O O-O 6. c4 d6 7. d5 c6 8. Nc3 h6
9. Qb3 Na6 10. Nf4 Qe8 11. dxc6 bxc6 12. c5+ Kh7 13. cxd6 exd6 14. Nb5 g5 15.
Nd3 Ne4 16. Bxe4 fxe4 17. Nxd6 Qe7 18. Nxc8 Raxc8 19. Qc4 Nc7 20. Nc5 Rce8 21.
Be3 Nb5 22. Rad1 Nd6 23. Qb3 Rb8 24. Qe6 Nf5 25. Qxe7 Nxe7 26. Nd7 Rxb2 27.
Nxf8+ Bxf8 28. Rd7 Kg6 29. Bc5 Kf7 30. Rxa7 Rc2 31. Bxe7 Bxe7 32. e3 Ke6 33. a4
Bc5 34. Rh7 Ra2 35. Rxh6+ Kd5 0-1

[Event "Andorra open"]
[Site "Escaldes"]
[Date "2023.07.23"]
[Round "2.6"]
[White "Webb, Laurence E"]
[Black "Almeida Quintana, Omar"]
[Result "0-1"]
[WhiteElo "2171"]
[BlackElo "2508"]
[PlyCount "100"]
[EventDate "2023.07.22"]
[EventCountry "AND"]

1. d4 d6 2. Nf3 g6 3. Nc3 Bg7 4. e4 a6 5. h3 b5 6. Bd3 Nd7 7. a4 b4 8. Ne2 Bb7
9. c3 Ngf6 10. Ng3 c5 11. O-O O-O 12. cxb4 cxd4 13. Nxd4 d5 14. exd5 Ne5 15.
Be2 Qxd5 16. Nf3 Qxd1 17. Rxd1 Nxf3+ 18. Bxf3 Bxf3 19. gxf3 Rfb8 20. b5 axb5
21. a5 b4 22. Nf1 e6 23. Ne3 h5 24. Kf1 Rb5 25. Bd2 Ne8 26. Ra4 b3 27. Nc4 Nc7
28. Ke2 Nd5 29. Be3 Bxb2 30. Rxd5 exd5 31. Nxb2 Raxa5 32. Rf4 Ra2 33. Bd4 Rb4
34. Ke3 Rxd4 35. Rxd4 Rxb2 36. Rxd5 Rc2 37. Rb5 b2 38. h4 Kf8 39. Rb7 Ke8 40.
f4 Kd8 41. f5 Kc8 42. Rb4 Kd7 43. f3 Kd6 44. fxg6 fxg6 45. Kd4 Rh2 46. f4 Rxh4
47. Rb6+ Ke7 48. Ke5 Rh2 49. Rb7+ Kd8 50. Kf6 Rg2 0-1

[Event "Andorra open"]
[Site "Escaldes"]
[Date "2023.07.23"]
[Round "2.7"]
[White "Miranda Mesa, Elier"]
[Black "Fortuny Profitos, Jordi"]
[Result "1-0"]
[WhiteElo "2503"]
[BlackElo "2154"]
[PlyCount "35"]
[EventDate "2023.07.22"]
[EventCountry "AND"]

1. e4 c5 2. Nf3 e6 3. d4 cxd4 4. Nxd4 Nc6 5. Nc3 Qc7 6. Be2 Nf6 7. O-O Be7 8.
Kh1 O-O 9. f4 Nxd4 10. Qxd4 Bc5 11. Qd3 d6 12. Qg3 b6 13. f5 Kh8 14. Bg5 Qe7
15. Qh4 exf5 16. Nd5 Qxe4 17. Bxf6 Qxe2 18. Bxg7+ 1-0

[Event "Andorra open"]
[Site "Escaldes"]
[Date "2023.07.23"]
[Round "2.8"]
[White "Lubbe, Nikolas"]
[Black "Glimbrant, Torbjorn"]
[Result "1-0"]
[WhiteElo "2501"]
[BlackElo "2144"]
[PlyCount "77"]
[EventDate "2023.07.22"]
[EventCountry "AND"]

1. d4 d5 2. Nf3 Nf6 3. c4 dxc4 4. e3 e6 5. Bxc4 c5 6. O-O a6 7. dxc5 Bxc5 8.
Qxd8+ Kxd8 9. Nc3 Nbd7 10. Be2 b5 11. Ng5 Ke7 12. Nge4 Bb7 13. Nxc5 Nxc5 14. b4
Nce4 15. Nxe4 Nxe4 16. Bb2 Rhc8 17. Bxg7 Rg8 18. Rfc1 Rac8 19. Rxc8 Rxc8 20. f3
Nc3 21. Bxc3 Rxc3 22. e4 f5 23. exf5 exf5 24. a4 bxa4 25. Rxa4 Rc6 26. Kf2 Kf6
27. Bd3 Bc8 28. Ke3 h6 29. Kd2 Rb6 30. g3 Kg5 31. h3 f4 32. h4+ Kf6 33. g4 Ke5
34. Kc3 Rc6+ 35. Bc4 Kd6 36. Ra5 Be6 37. Rc5 Rb6 38. Bxe6 Kxe6 39. Rf5 1-0